000 00263nam a2200109Ia 4500
008 200302s9999 xx 000 0 und d
100 _aJ. E. Gordon
245 _aStructure or why things don't fall down
260 _bDA CAPO press
260 _c1978
300 _a395
999 _c6583
_d6583